000 00681cam a2200229 4500
008 090401t1995 xxu||||| |||| 00| 0 eng d
020 _a1860810306
035 _a(Sirsi) u59155
041 _aeng
050 _a690
110 _aBuilding Research Establishment
245 _aMaintaining exterior wood finishes.
260 _aGarston, Watford
_bBuilding Research Establishment
_c1995
300 _a4p. : ill. ; 30cm.
350 _a0
490 _aGood Building Guide
_v22
650 _aEXTERIOR WOOD FINISHES
650 _aBUILT ENVIRONMENT-BUILDING MAINTENANCE AND REFURBISHMENT
690 _aBUILT ENVIRONMENT-BUILDING MATERIALS
942 _n0
948 _c04/03/1997
999 _c94127
_d94127